000 00925cab a2200193 4500
001 ##L131154
008 051004n2005 000 0 eng u
035 _a(Sirsi) u131154
041 0 _aeng
100 1 _aRobertson, Stuart
245 _aKnow how
_bplanning gain
260 _c2005
490 _aScottish Planning and Environmental Law
_v109 June 2005, 63-64(2)
520 _aDiscusses the reasoning behind developer contributions or planning gain and the different approaches that can be taken. Sets out best practice for local authorities including early involvement with the developer, the use of historical data and usage formulae, allowances to made when redeveloping brownfield sites and the provision of affordable housing.
650 2 4 _aSCOTTISH EXECUTIVE CIRCULAR 12/1996
651 0 4 _aScotland
_y1999-
690 _aENVIRONMENTAL AND LAND CONSULTANCY-PLANNING AND DEVELOPMENT-PLANNING GUIDANCE
942 _n0
999 _c75973
_d75973